000 00872cam a2200289 i 4500
999 _c174377
_d174377
001 2269050
003 Nust
005 20180726055454.0
008 780419s1977 enkacf 001 0aeng
010 _a 78303391
015 _aGB77-32936
020 _a9780006353287
_cRs. 200
038 _aArshad
040 _aDLC
_cDLC
_dDLC
050 0 0 _aPR6005.H66
_bZ512 1977b
082 0 0 _a823.912
_bCHR
100 1 _aChristie, Agatha,
_d1890-1976.
_92976
245 1 3 _aAn autobiography /
_c[by] Agatha Christie.
260 _aLondon :
_bCollins,
_c1977.
300 _a559 p.
_c23 cm.
500 _aIncludes index.
600 1 0 _aChristie, Agatha,
_d1890-1976.
_92976
650 0 _aAuthors, English
_y20th century
_xBiography.
_911996
650 0 _aDetective and mystery stories
_xAuthorship.
_911997
906 _a7
_bcbc
_corignew
_d3
_encip
_f19
_gy-gencatlg
942 _2ddc
_cBK